| 000 | 01083nam a2200325 a 4500 | ||
|---|---|---|---|
| 999 |
_c8508 _d8508 |
||
| 001 | 8508 | ||
| 003 | BD-JHCC | ||
| 005 | 20180227174223.0 | ||
| 008 | 180226s1963 u a 001 0 eng d | ||
| 020 | _a0070523258 | ||
| 035 | _a(BD-JHCC)8508 | ||
| 035 | _a(OCoLC)00703286 | ||
| 035 | _aGLIS00005555 | ||
| 040 |
_aBD-JhCC _dBD-JhCC |
||
| 041 | _aeng | ||
| 050 | 0 |
_aHF5429 _b.R48 1974 |
|
| 082 |
_a658.87 _bDUN 1963 |
||
| 099 | _aHF5429.R48 1974 | ||
| 100 | _aDumcan, Delbert J. | ||
| 245 | 0 | 0 |
_aRetailing; principles and Methods _c[by] G. Henry Richert [and others] _bDelbert J. Dumcan and Charles F. Phillips |
| 250 | _a6th ed. | ||
| 260 |
_aNew York, _bGregg and Community College Division, McGraw-Hill _c[1963] |
||
| 300 |
_av, 785 p. : _billus. _c21 cm. |
||
| 500 | _aFirst-3d ed. by G. H. Richert, 4th-5th ed. by G. H. Richert, W. G. Meyer, and P. G. Haines. | ||
| 504 | _aIncludes Index | ||
| 650 | 0 | _aRetail trade. | |
| 700 | 1 |
_aRichert, G. Henry _q(Gottlieb Henry), _d1895- _tRetailing. |
|
| 942 |
_2ddc _cBK |
||